00649nam a22001577a 450000500170000001000150001702000260003203500130005803700130007108200100008410000480009424501270014226001030026927000590037230000600043120240319125011.0 aHIN-127099 a9789381930403c550.00 aHN-99445 bDBAD/PUB a915.4 aत्रिपाठी विनायक aभारत में पर्यटन स्थल व विकास/ cविनायक त्रिपाठी  aपश्चिमी करावल नगरbकार्तिक प्रकाशनc2022 aबी-89 गली न. 9bदिल्लीe110093 a176पृष्ट;c23सेमी(सजिल्द)